Tác động của tỷ giá hối đoái đến tỷ lệ lạm phát ở Việt Nam : Luận văn thạc sĩ kinh tế ngành: Tài chính - Ngân hàng
Nội dung luận văn giới thiệu cơ sở lý luận và phương pháp nghiên cứu. Thực trạng tỷ giá hối đoái ở Việt Nam. Phân tích sự tác động của tỷ giá đến lạm phát ở Việt Nam. Kết luận và kiến nghị....
Guardat en:
| Autor principal: | |
|---|---|
| Format: | Llibre |
| Idioma: | Undetermined |
| Publicat: |
Cần Thơ
Trường Đại học Cần Thơ
2018
|
| Matèries: | |
| Etiquetes: |
Afegir etiqueta
Sense etiquetes, Sigues el primer a etiquetar aquest registre!
|
| Thư viện lưu trữ: | Trung tâm Học liệu Trường Đại học Cần Thơ |
|---|
| LEADER | 01159nam a2200229Ia 4500 | ||
|---|---|---|---|
| 001 | CTU_228122 | ||
| 008 | 210402s9999 xx 000 0 und d | ||
| 082 | |a 332.4564 | ||
| 082 | |b Nh100 | ||
| 088 | |a 60340201 | ||
| 100 | |a Lê, Công Nhã | ||
| 245 | 0 | |a Tác động của tỷ giá hối đoái đến tỷ lệ lạm phát ở Việt Nam : | |
| 245 | 0 | |b Luận văn thạc sĩ kinh tế ngành: Tài chính - Ngân hàng | |
| 245 | 0 | |c Lê Công Nhã ; Bùi Văn Trịnh (cán bộ hướng dẫn) | |
| 260 | |a Cần Thơ | ||
| 260 | |b Trường Đại học Cần Thơ | ||
| 260 | |c 2018 | ||
| 520 | |a Nội dung luận văn giới thiệu cơ sở lý luận và phương pháp nghiên cứu. Thực trạng tỷ giá hối đoái ở Việt Nam. Phân tích sự tác động của tỷ giá đến lạm phát ở Việt Nam. Kết luận và kiến nghị. | ||
| 650 | |a Tỷ giá hối đoái,Foreign exchange rates | ||
| 650 | |z Việt Nam,Vietnam | ||
| 910 | |b dqhieu | ||
| 980 | |a Trung tâm Học liệu Trường Đại học Cần Thơ | ||